Państwa w których w nazwie występuję ta sama nazwa - Statystyki

Ogólne statystyki
  • Ten quiz został rozwiązany 328 razy
  • Średni wynik to 16 z 24
Statystyki odpowiedzi
Liczba narodów Kraj % Poprawnych
2 Korea Północna
77%
2 Korea Północna
77%
2 Korea Południowa
76%
2 Sudan
75%
4 Gwinea
73%
4 Republika Południowej Afryki
72%
2 Sudan Południowy
69%
2 Stany Zjednoczone
67%
4 Demokratyczna Republika Konga
65%
4 Gwinea Równikowa
65%
4 Republika Środkowoafrykańska
65%
4 Republika Zielonego Przylądka
65%
4 Gwinea Bissau
64%
2 Papua-Nowa Gwinea
62%
4 Papua-Nowa Gwinea
62%
3 Wyspy Świętego Tomasza i Książęca
62%
3 Wyspy Marshalla
61%
3 Wyspy Salomona
60%
2 Nowa Zelandia
58%
2 Zjednoczone Emiraty Arabskie
58%
3 Saint Lucia
57%
3 Saint Kitts i Nevis
56%
3 Saint Vincent i Grenadyny
54%
2 Macedonia Północna
51%
Nie znaleziono quizów pasujących do podanych kryteriów
Rozkład punktacji
Procent ludzi z każdym wynikiem
Percentyl według liczby udzielonych odpowiedzi
Twoja historia wyników
Nie rozwiązałeś tego quizu